01643namaa22003371i 450000500170000000800410001704000430005804100180010104900120011909700090013109900310014010000530017124502660022424602290049026400100071930000420072933600220077133700250079333800230081850200410084150400320088265300640091470000360097870000400101470000390105470000330109390001390112690500100126594200190127599900110129420260412114341.0260412s1995 ua a|||frm||| 000 0 eng d aEG-GICUCbengcEG-GICUCdEG-GICUCerda0 aengbengbara aDeposit aPh.D aCai01.12.21.Ph.D.1995.El.I0 aEl-Rashdy Moustafa Mohamed Redwan,epreparation.10aImmune Dependent Chemoprophylaxis of Murine Schistosomiasis Mansoni with Free And Liposome Entrapped oxamniquine /cBy El-Rashdy Moustafa Mohamed Redwan ; Supervised Prof. Dr. Rashika El-Ridi, Prof. Dr. Mohamed S. El-Ridy, Dr. Nabil I. Guirguis, Dr. Ahmed Osman15aمشاركة الجهاز المناعي في الوقاية بالاكزامانكوين المحمل وغير المحمل في ليبوزومات من بلهارسيا المستقيم في الفئران البيضاء 0c1995. a213 Leavesbillustrations c30 cm. +  2rda contentatext 2rdamediaaUnmediated 2rdacarrieravolume aThesis (Ph.D)-Cairo University, 1995 aBibliography: pages 188-213 0aImmune Dependent Chemoprophylaxis of Murine Schistosomiasis0 aRashika El-Ridethesis advisor.0 aMohamed S. El-Ridyethesis advisor.0 aNabil I. Guirguisethesis advisor.0 aAhmed Osmanethesis advisor. DDepartment of ZoologyFFaculty of ScienceUCairo Universityb1995cRashika El-RidcMohamed S. El-RidycNabil I. Guirguis,cAhmed Osman aNehad 2ddccTHe21n0 c179413